000 00317nam a22001337a 4500
008 141205b xxu||||| |||| 00| 0 eng d
020 _a0672323087
082 _a005.13
100 _aROBERT LAFORE
245 _aOBJECT ORIENTED PROGRAMMING IN C++
250 _a4TH ED.
260 _aINDIA
_bTECHMEDIA
_c2001
942 _cBK
999 _c23193
_d23193